000 00717nam a2200193Ia 4500
005 20260601193253.0
008 260601s9999||||xx |||||||||||||| ||und||
020 _a978-3-031-66044-3
_qebk
100 _aOscar Castillo
245 0 _aPervasive Knowledge and Collective Intelligence on Web and Social Media
250 _a2024
260 _aHeidelberg, Germany
_bSpringer Nature
_c2024
440 _aLecture Notes of the Institute for Computer Sciences, Social Informatics and Telecommunications Engineering
650 _aComputer Science
700 _aRajanikanth Aluvalu
700 _aThanikanti Sudhakar Babu
856 _uhttps://link.springer.com/openurl?genre=book&isbn=978-3-031-66044-3
942 _cEB
_2ddc
999 _c56770
_d56770